Epistemología y metodología cualitatita en las ciencias sociales / (Registro nro. 11027)

Detalles MARC
000 -LEADER
campo de control de longitud fija 03704nam a22005894i 4500
003 - IDENTIFICADOR DE NÚMERO DE CONTROL
campo de control PE-LiUPU
005 - FECHA Y HORA DE LA ÚLTIMA TRANSACCIÓN
campo de control 20250731165441.0
008 - DATOS DE LONGITUD FIJA--INFORMACIÓN GENERAL
campo de control de longitud fija 090324s2008 mx rb 001 0 spa d
020 ## - NÚMERO INTERNACIONAL ESTÁNDAR DEL LIBRO
Número Internacional Estándar del Libro 9682484995
020 ## - NÚMERO INTERNACIONAL ESTÁNDAR DEL LIBRO
Número Internacional Estándar del Libro 9789682484995
035 ## - NÚMERO DE CONTROL DEL SISTEMA
Número de control de sistema (Sirsi) i9789682484995
040 ## - FUENTE DE CATALOGACIÓN
Centro catalogador/agencia de origen BNMEX
Lengua de catalogación spa
Centro/agencia transcriptor BNMEX
Centro/agencia modificador PE-LiUPU
Normas de descripción rda
049 ## - FONDOS LOCALES (OCLC)
Biblioteca depositaria PRUA
082 04 - NÚMERO DE LA CLASIFICACIÓN DECIMAL DEWEY
Número de clasificación 001.4222
Cutter M26 2008
100 1# - ENTRADA PRINCIPAL--NOMBRE DE PERSONA
Nombre de persona Martínez Miguelez, Miguel,
Término indicativo de función/relación autor.
245 10 - MENCIÓN DEL TÍTULO
Título Epistemología y metodología cualitatita en las ciencias sociales /
Mención de responsabilidad, etc. Miguel Martínez Miguélez.
250 ## - MENCION DE EDICION
Mención de edición Primera edición.
264 #1 - PRODUCCIÓN, PUBLICACIÓN, DISTRIBUCIÓN, FABRICACIÓN Y COPYRIGHT
Producción, publicación, distribución, fabricación y copyright México :
Nombre del de productor, editor, distribuidor, fabricante Trillas,
Fecha de producción, publicación, distribución, fabricación o copyright 2008.
300 ## - DESCRIPCIÓN FÍSICA
Extensión 336 páginas ;
Dimensiones 23 centímetros
336 ## - TIPO DE CONTENIDO
Término de tipo de contenido text
Fuente rdacontent
337 ## - TIPO DE MEDIO
Nombre/término del tipo de medio unmediated
Fuente rdamedia
338 ## - TIPO DE SOPORTE
Nombre/término del tipo de soporte volume
Fuente rdacarrier
504 ## - NOTA DE BIBLIOGRAFÍA, ETC.
Nota de bibliografía, etc. Bibliografía : página 319.
504 ## - NOTA DE BIBLIOGRAFÍA, ETC.
Nota de bibliografía, etc. Indice : página 330.
505 0# - NOTA DE CONTENIDO CON FORMATO
Nota de contenido con formato Parte I - Epistemología: El desafío a la racionalidad clásica -- Bases epistemológicas de las ciencias sociales -- Nuevo paradigma epistemológico de la ciencia -- Conocimiento científico general y conocimiento ordinario -- Conceptualización de la transdisciplinariedad -- transdisciplinariedad y lógica dialéctica: un enfoque para la complejidad del mundo actual -- Bases epistemológica de una sociología posmoderna -- Paradigma sistémico y metodología de la investigación -- Parte II - Metodología cualitativa: La investigación cualitativa (síntesis conceptual) -- Elaboración de un proyecto de investigación -- Validez y confiabilidad en la metodología cualitativa -- Naturaleza y aplicabilidad de los modelos matemáticos -- Parte III - Aplicaciones epistemológicas y metodológicas: Educación para la convivencia cívica -- Nuevo paradigma para la educación -- El proceso enseñanza-aprendizaje a la luz de la Neurociencia. Aprender con todo el cerebro -- Ideas centrales para un nuevo paradigma en orientación -- La excelencia en la docencia universitaria -- El enfoque centrado en la persona y su paradigma epistémico -- Nuevo enfoque paradigmático de la medicina -- La bioética y su actual problemática -- Pertinencia social en la investigación endógena -- Desarrollo sustentable: sus valores, principios y estrategías -- La futura política económica -- Uso de programas computacionales en la estructuración teórica de "datos" cualitativos -- La explicación del mundo postula un ser supremo.(Más allá de lo visible).
526 ## - NOTA DE INFORMACIÓN SOBRE EL PROGRAMA DE ESTUDIO
Nombre del programa Segunda Especialidad En Estadística Aplicada Para Investigación (A Distancia)
526 ## - NOTA DE INFORMACIÓN SOBRE EL PROGRAMA DE ESTUDIO
Nombre del programa Segunda Especialidad En Estadística Aplicada Para Investigación
526 ## - NOTA DE INFORMACIÓN SOBRE EL PROGRAMA DE ESTUDIO
Nombre del programa Ingeniería De Ciberseguridad
526 ## - NOTA DE INFORMACIÓN SOBRE EL PROGRAMA DE ESTUDIO
Nombre del programa Ingeniería De Ciencia De Datos E Inteligencia Artificial
526 ## - NOTA DE INFORMACIÓN SOBRE EL PROGRAMA DE ESTUDIO
Nombre del programa Ingeniería De Software
526 ## - NOTA DE INFORMACIÓN SOBRE EL PROGRAMA DE ESTUDIO
Nombre del programa
526 ## - NOTA DE INFORMACIÓN SOBRE EL PROGRAMA DE ESTUDIO
Nombre del programa Comunicación Y Periodismo
526 ## - NOTA DE INFORMACIÓN SOBRE EL PROGRAMA DE ESTUDIO
Nombre del programa Maestría En Ingeniería De Sistemas Con Mención En Dirección Y Gestión De Tecnologías De Información (Semipresencial)
526 ## - NOTA DE INFORMACIÓN SOBRE EL PROGRAMA DE ESTUDIO
Nombre del programa Maestría En Ingeniería De Sistemas Con Mención En Dirección Y Gestión De Tecnologías De Información (A Distancia)
526 ## - NOTA DE INFORMACIÓN SOBRE EL PROGRAMA DE ESTUDIO
Nombre del programa Doctorado en ingeniería de sistemas
526 ## - NOTA DE INFORMACIÓN SOBRE EL PROGRAMA DE ESTUDIO
Nombre del programa Maestría en ingeniería de sistemas con mención en Ingeniería de software
526 ## - NOTA DE INFORMACIÓN SOBRE EL PROGRAMA DE ESTUDIO
Nombre del programa Maestría en ingeniería de sistemas con mención en Dirección y gestión de tecnologías de información
526 ## - NOTA DE INFORMACIÓN SOBRE EL PROGRAMA DE ESTUDIO
Nombre del programa Ingeniería de sistemas
526 ## - NOTA DE INFORMACIÓN SOBRE EL PROGRAMA DE ESTUDIO
Nombre del programa Educación secundaria, especialidad matemática e informática
541 ## - NOTA DE FUENTE DE ADQUISICIÓN DIRECTA
-- 0028-0000236;
596 ## -
-- 1 3
650 17 - PUNTO DE ACCESO ADICIONAL DE MATERIA--TÉRMINO DE MATERIA
Término de materia o nombre geográfico como elemento de entrada Sociología
Subdivisión general Metodología.
Fuente del encabezamiento o término local
650 27 - PUNTO DE ACCESO ADICIONAL DE MATERIA--TÉRMINO DE MATERIA
Término de materia o nombre geográfico como elemento de entrada Investigación social
Subdivisión general Metodología.
Fuente del encabezamiento o término local
910 ## - DATOS DE OPCIÓN DEL USUARIO (OCLC)
-- tqv
-- welc
-- 20160712
910 ## - DATOS DE OPCIÓN DEL USUARIO (OCLC)
Datos de opción del usuario dbm
-- ksl
-- ksl
-- 20171212
942 ## - ELEMENTOS DE ENTRADA SECUNDARIOS (KOHA)
Fuente del sistema de clasificación o colocación Clasificación Decimal Dewey
Tipo de ítem Koha
949 ## - PROCESAMIENTO DE INFORMACIÓN LOCAL (OCLC)
a 001.4222 M26 2008
w DEWEY
c 1
i FJ00844
l CCODEBUJ1
m BUJ
p 14.18
r 0
s Y
t BOOK
u 2016-7-12
x FCE
-- P08
0 COMPRA
o .STAFF. Colección General Juliaca
994 ## -
-- C0
-- PEPRU
999 ## - NÚMEROS DE CONTROL DE SISTEMA (KOHA)
-- DEWEY
-- FJ00844
-- 2017-6-2
-- 2021-12-27
-- 4
-- CCODEBUJ1
-- BUJ
-- 1
-- 14.18
-- 2
-- 0
-- Y
-- BOOK
-- 2016-7-12
-- FCE
-- P08
-- COMPRA
-- .STAFF. Colección General Juliaca
999 ## - NÚMEROS DE CONTROL DE SISTEMA (KOHA)
-- DEWEY
-- 77432
-- 2018-11-18
-- 2021-11-4
-- 5
-- CCODEBUL1
-- BUL
-- 3
-- 29.69
-- 3
-- 0
-- Y
-- BOOK
-- 2017-12-12
-- BIBLIOTECA
-- P69
-- COMPRA
-- .STAFF. Colección Ciencias de la Salud
980 ## - EQUIVALENCIA O REFERENCIA-CRUZADA-MENCIÓN DE SERIE--NOMBRE DE PERSONA/TÍTULO [LOCAL, CANADÁ]
ID del último usuario que modificó el registro 1
Nombre del último usuario que modificó el registro ALBERTO SANCHEZ Responsable de Automatización
Existencias
Visto por última vez Número de inventario Total de préstamos Signatura topográfica completa Código de barras Fecha del último préstamo Copia número Coste, precio de reemplazo Fecha de reemplazo Facultad Tipo de ítem Koha Nota pública Estado de pérdida Fuente del sistema de clasificación o colocación Restricciones de uso No para préstamo Colección Programa académico Biblioteca de origen Biblioteca actual Ubicación en estantería Fecha de adquisición Fuente de adquisición Coste, precio normal de compra
2025-12-02 6 3 001.4222 M26 77432 2018-11-18 e1 34.69 2017-12-12 FCE Libros físicos inventario-2023-12-13 No Perdido Clasificación Decimal Dewey No restringido Disponible para préstamos Colección General Contabilidad y gestión tributaria Biblioteca CRAI UPeU Lima Biblioteca CRAI UPeU Lima Sala principal 2017-12-12 COMPRA 29.69